|
|
|
|
| LEADER |
00871cam a2200289 7i4500 |
| 001 |
0000011532 |
| 005 |
20200803090000.0 |
| 005 |
##20200803141200.0 |
| 003 |
##MY-KlINT |
| 008 |
201511t20072007gw ab e 001 0 eng d |
| 020 |
# |
# |
|a 9789812585585
|
| 039 |
# |
9 |
|a 202008031412
|b Zuraidah
|c 202007211608
|d aninah
|y 201511041128
|z VLOAD
|
| 040 |
# |
# |
|a BK
|
| 082 |
0 |
0 |
|a 910.91
|
| 090 |
0 |
0 |
|a R 910.3
|b WOR
|
| 090 |
0 |
0 |
|a R 910.3
|b INS
|
| 245 |
1 |
0 |
|a INSIGHT GUIDES :
|b WORLD TRAVEL ENCYCLOPEDIA.
|
| 264 |
# |
0 |
|a Munchen, GER
|b Verlang Wolfgang Kunth GmbH & Co. KG
|c 2007
|
| 264 |
# |
0 |
|c ♭2007
|
| 300 |
# |
# |
|a xvii, 509 pages:
|b colour illustrations, colour maps;
|c 31cm.
|
| 336 |
# |
# |
|a text
|2 rdacontent
|
| 337 |
# |
# |
|a unmediated
|2 rdamedia
|
| 338 |
# |
# |
|a volume
|2 rdacarrier
|
| 500 |
# |
# |
|a Includes index
|
| 583 |
# |
# |
|a LULUS
|
| 650 |
# |
0 |
|a Travel
|
| 999 |
|
|
|a 0000063498
|b BOOK
|c Unknown
|e INTAN BK
|